Estudios financieros (Record no. 160214)
[ view plain ]
| 000 -LEADER | |
|---|---|
| campo de control de longitud fija | 00987nam a2200229 i 4500 |
| 001 - NÚMERO DE CONTROL | |
| campo de control | 160214 |
| 003 - IDENTIFICADOR DE NÚMERO DE CONTROL | |
| campo de control | ES-MaACL |
| 005 - FECHA Y HORA DE LA ÚLTIMA TRANSACCIÓN | |
| campo de control | 20240209210039.0 |
| 008 - DATOS DE LONGITUD FIJA--INFORMACIÓN GENERAL | |
| campo de control de longitud fija | 940202s1868 sp |||| | spa d |
| 100 1# - ENTRADA PRINCIPAL--NOMBRE DE PERSONA | |
| Nombre de persona | Moret, Segismundo, |
| Fechas asociadas al nombre | 1833-1913 |
| 9 (RLIN) | 162747 |
| 245 10 - MENCIÓN DEL TÍTULO | |
| Título | Estudios financieros |
| Resto del título | : conferencias pronunciadas en el Ateneo de Madrid en el curso de 1867 a 68 / |
| Mención de responsabilidad, etc. | por D. Segismundo Moret y Prendergast. |
| 260 ## - PUBLICACIÓN, DISTRIBUCIÓN, ETC. | |
| Lugar de publicación, distribución, etc. | Madrid : |
| Nombre del editor, distribuidor, etc. | [s.n.], |
| Fecha de publicación, distribución, etc. | 1868 ( |
| Fabricante | Tip. de Gregorio Estrada) |
| 300 ## - DESCRIPCIÓN FÍSICA | |
| Extensión | 202 p. ; |
| Dimensiones | 22 cm. |
| 530 ## - NOTA DISPONIBLE DE FORMULARIO FÍSICO ADICIONAL | |
| Nota de formato físico adicional disponible | Disponible en formato digital. |
| 610 24 - PUNTO DE ACCESO ADICIONAL DE MATERIA--NOMBRE DE ENTIDAD CORPORATIVA | |
| Nombre de entidad corporativa o nombre de jurisdicción como elemento de entrada | Ateneo de Madrid- |
| Subdivisión de forma | Conferencias- |
| Subdivisión cronológica | S.XIX. |
| 9 (RLIN) | 1910 |
| 650 #4 - PUNTO DE ACCESO ADICIONAL DE MATERIA--TÉRMINO DE MATERIA | |
| Término de materia o nombre geográfico como elemento de entrada | Finanzas- |
| Subdivisión geográfica | España. |
| 9 (RLIN) | 12872 |
| 700 1# - ENTRADA AGREGADA--NOMBRE PERSONAL | |
| Nombre de persona | Estrada, Gregorio. |
| 9 (RLIN) | 126979 |
| 752 ## - ENTRADA AGREGADA--NOMBRE JERÁRQUICO DEL LUGAR | |
| País o entidad superior | España - |
| Ciudad | Madrid |
| 852 ## - LOCALIZACIÓN | |
| Encuadernación | |
| Ubicación | BA |
| Número de control de estantería | R-2352 |
| Nota libre | - Enc. hol. Olim: B-1928 |
| 856 ## - LOCALIZACIÓN Y ACCESO ELECTRÓNICOS | |
| Identificador Uniforme de Recursos | <a href="http://bvrajyl.rajyl.es/i18n/consulta/registro.cmd?id=9849 ">http://bvrajyl.rajyl.es/i18n/consulta/registro.cmd?id=9849 </a> |
| Nota pública | Biblioteca Virtual de la Real Academia de Jurisprudencia y Legislación |
| Estatus retirado | Estado de pérdida | Estado de daño | No para préstamo | Colección | Biblioteca de origen | Biblioteca actual | Ubicación en estantería | Fecha de adquisición | Fuente de adquisición | Total de préstamos | Signatura topográfica completa | Código de barras | Visto por última vez | Precio de reemplazo | Tipo de ítem Koha |
|---|---|---|---|---|---|---|---|---|---|---|---|---|---|---|---|
| Colección digital | Biblioteca del Ateneo de Madrid | Biblioteca del Ateneo de Madrid | Depósito | 17/01/2008 | R-2352 | 1167749 | 23/02/2023 | 23/02/2023 | Libro impreso antiguo |
